[Event "1st Grand Europe Open"]
[Site "Golden Sands BUL"]
[Date "2012.06.04"]
[Round "1.28"]
[White "Banov, Boil"]
[Black "Mastrovasilis, Athanasios"]
[Result "1/2-1/2"]
[BlackTitle "GM"]
[WhiteElo "2153"]
[BlackElo "2537"]
[WhiteFideId "2905388"]
[BlackFideId "4201990"]
[EventDate "2012.06.04"]
[EventType "swiss"]

1. c4 e6 2. g3 d5 3. Bg2 Nf6 4. Nf3 dxc4 5. Qa4+ Nbd7 6. Ne5 c6 7. Nxd7 Bxd7 8.
Qxc4 e5 9. d3 Be6 10. Qc2 Bd5 11. O-O Bxg2 12. Kxg2 Qd5+ 13. f3 Be7 14. Be3 O-O
15. Nc3 Qe6 16. Rad1 Bd8 17. Bg1 Bb6 18. Bxb6 axb6 19. d4 b5 20. a3 Rfe8 21. e4
exd4 22. Rxd4 Rad8 23. Rfd1 Rxd4 24. Rxd4 Nd7 25. Ne2 Ne5 26. Qc3 Qa2 27. Nc1
Qe6 28. Nd3 Nc4 29. Nf4 Qe7 30. a4 h6 31. axb5 cxb5 32. Rd5 Rd8 33. b3 Na3 34.
Nh5 f6 35. Nf4 1/2-1/2

[Event "1st Grand Europe Open"]
[Site "Golden Sands BUL"]
[Date "2012.06.04"]
[Round "1.30"]
[White "Ibrahim, Ismail UAE"]
[Black "Carlsson, Pontus"]
[Result "0-1"]
[BlackTitle "GM"]
[WhiteElo "2147"]
[BlackElo "2531"]
[WhiteFideId "9301038"]
[BlackFideId "1705814"]
[EventDate "2012.06.04"]
[EventType "swiss"]

1. e4 c5 2. c3 d5 3. exd5 Qxd5 4. d4 Nf6 5. Nf3 g6 6. Be2 Bg7 7. dxc5 Qxc5 8.
Be3 Qc7 9. Na3 Nc6 10. Nb5 Qb8 11. O-O O-O 12. h3 a6 13. Nbd4 Nd5 14. Bg5 h6 15.
Bh4 e5 16. Bg3 Nf4 17. Bxf4 exf4 18. Nxc6 bxc6 19. Qd2 Be6 20. Rfd1 a5 21. Qc2
c5 22. Bd3 a4 23. Nd2 Rd8 24. Nc4 f3 25. g3 h5 26. h4 g5 27. hxg5 h4 28. Kh2 Qc7
29. Re1 Rd5 30. Bh7+ Kh8 31. Qe4 hxg3+ 32. fxg3 Re8 33. Qxf3 Rxg5 34. Ne3 Rxg3
35. Qxg3 Be5 0-1

[Event "1st Grand Europe Open"]
[Site "Golden Sands BUL"]
[Date "2012.06.04"]
[Round "1.31"]
[White "Mekhitarian, Krikor Sevag"]
[Black "Pogosian, Vladimir"]
[Result "1-0"]
[WhiteTitle "GM"]
[WhiteElo "2531"]
[BlackElo "2146"]
[WhiteFideId "2107660"]
[BlackFideId "13301586"]
[EventDate "2012.06.04"]
[EventType "swiss"]

1. d4 f5 2. g3 Nf6 3. Bg2 g6 4. Nf3 Bg7 5. O-O O-O 6. c4 d6 7. Nc3 Nc6 8. d5 Ne5
9. Nxe5 dxe5 10. c5 h6 11. Qb3 Kh8 12. Bd2 a6 13. Rfd1 Qe8 14. Be1 g5 15. d6
exd6 16. cxd6 c6 17. Na4 e4 18. Nc5 Nd5 19. d7 Bxd7 20. Qxb7 Be6 21. Nxe6 Qxe6
22. Rac1 Rfc8 23. Rc2 Rab8 24. Qxa6 Rb6 25. Qa3 Rcb8 26. b3 f4 27. Qc5 h5 28.
Rc4 f3 29. exf3 exf3 30. Bxf3 Ra6 31. Bxd5 cxd5 32. Qxd5 Qg6 33. Bc3 Rxa2 34.
Rc6 Qh7 35. Qxg5 1-0

[Event "1st Grand Europe Open"]
[Site "Golden Sands BUL"]
[Date "2012.06.04"]
[Round "1.32"]
[White "Janchev, Petar"]
[Black "Salem, A.R. Saleh"]
[Result "0-1"]
[BlackTitle "GM"]
[WhiteElo "2143"]
[BlackElo "2528"]
[WhiteFideId "2903016"]
[BlackFideId "9301348"]
[EventDate "2012.06.04"]
[EventType "swiss"]

1. d4 Nf6 2. Nf3 g6 3. g3 Bg7 4. Bg2 d5 5. O-O O-O 6. c4 dxc4 7. Na3 c3 8. bxc3
c5 9. Bb2 Nc6 10. e3 Bf5 11. Qe2 e5 12. Rfd1 e4 13. Ne5 Qc8 14. Nxc6 bxc6 15.
Qc4 Rb8 16. Rdb1 Rd8 17. Bc1 Bf8 18. Rxb8 Qxb8 19. Rb1 Qc8 20. Qa4 Bh3 21. Bh1
cxd4 22. cxd4 c5 23. Bb2 Qf5 24. d5 Rxd5 25. Qc2 Rd3 26. Nb5 Nd5 27. a3 Nxe3 28.
Qe2 Bg4 29. Qe1 Bf3 30. fxe3 Bxh1 31. Qf2 Qxf2+ 32. Kxf2 Rd2+ 33. Ke1 Rxh2 34.
Bf6 Bf3 35. Rb3 Rh1+ 36. Kf2 Bg7 37. Bxg7 Kxg7 38. Nxa7 Rh2+ 39. Kg1 Rg2+ 40.
Kf1 Rxg3 41. Nc6 Rg2 42. Ne5 Ra2 43. Rb7 Rxa3 44. Rxf7+ Kh6 45. Kf2 Ra2+ 46. Kg3
Kg5 47. Rxh7 Rg2+ 48. Kh3 Re2 49. Nxf3+ exf3 50. Rc7 Rxe3 51. Rxc5+ Kf4 52. Rc6
Re1 53. Rf6+ Ke3 54. Kg3 Rg1+ 55. Kh2 f2 56. Re6+ Kd4 57. Rf6 f1=Q 0-1

[Event "1st Grand Europe Open"]
[Site "Golden Sands BUL"]
[Date "2012.06.04"]
[Round "1.33"]
[White "Al-Sayed, Mohammed"]
[Black "Ibryamov, Ilhan"]
[Result "1-0"]
[WhiteTitle "GM"]
[WhiteElo "2525"]
[BlackElo "2142"]
[WhiteFideId "12100196"]
[BlackFideId "2918854"]
[EventDate "2012.06.04"]
[EventType "swiss"]

1. d4 d5 2. c4 e6 3. Nc3 Nf6 4. cxd5 exd5 5. Bg5 Be7 6. e3 c6 7. Qc2 O-O 8. Bd3
Nbd7 9. Nge2 Re8 10. O-O Nf8 11. f3 Ng6 12. e4 dxe4 13. fxe4 Ng4 14. Bxe7 Qxe7
15. Qd2 Qh4 16. h3 Nf6 17. e5 Nd5 18. Nxd5 cxd5 19. Rf3 Be6 20. Raf1 Rac8 21.
Nf4 Qg5 22. Qf2 Nxf4 23. Rxf4 Rc7 24. Kh2 Rec8 25. Bf5 Bxf5 26. Rxf5 Qg6 27. Qf3
Qe6 28. Qg3 Re7 29. Rf6 Qd7 30. Rd6 Qb5 31. Rf3 Qxb2 32. Qg5 Ree8 33. Rxf7 Kxf7
34. Rd7+ 1-0

[Event "1st Grand Europe Open"]
[Site "Golden Sands BUL"]
[Date "2012.06.04"]
[Round "1.34"]
[White "Ivanov, Tsvetalin"]
[Black "Rusev, Krasimir"]
[Result "0-1"]
[BlackTitle "GM"]
[WhiteElo "2139"]
[BlackElo "2525"]
[WhiteFideId "2907720"]
[BlackFideId "2905434"]
[EventDate "2012.06.04"]
[EventType "swiss"]

1. e4 c5 2. Nf3 d6 3. d4 Nf6 4. Nc3 cxd4 5. Nxd4 Nc6 6. Be3 e5 7. Nb3 Be7 8. Be2
O-O 9. O-O a5 10. Bb5 Be6 11. f3 Na7 12. Bd3 Nc8 13. Qe2 Nb6 14. Qf2 Nc4 15.
Bxc4 Bxc4 16. Rfd1 Qb8 17. Na4 b5 18. Nb6 Ra6 19. a4 Bd8 20. Nxc4 bxc4 21. Nd2
Rc6 22. b3 cxb3 23. Nxb3 Qc7 24. Ra2 Be7 25. Qe2 Ra8 26. g4 h6 27. h4 Nh7 28.
Qf2 Qd8 29. h5 Ng5 30. Bxg5 Bxg5 31. Rd5 Qc7 32. Qe2 Rc3 33. Rd3 Rb8 34. Kg2 Rb4
35. Rxc3 Qxc3 36. Nxa5 Rb1 37. Nb3 Be3 38. a5 Re1 0-1

[Event "1st Grand Europe Open"]
[Site "Golden Sands BUL"]
[Date "2012.06.04"]
[Round "1.35"]
[White "Lu, Shanglei"]
[Black "Gavriilidis, Georgios"]
[Result "1-0"]
[WhiteTitle "GM"]
[WhiteElo "2522"]
[BlackElo "2135"]
[WhiteFideId "8603332"]
[BlackFideId "4206894"]
[EventDate "2012.06.04"]
[EventType "swiss"]

1. e4 c6 2. Nc3 d5 3. Nf3 Bg4 4. h3 Bxf3 5. Qxf3 e6 6. d4 Nf6 7. Bd3 dxe4 8.
Nxe4 Qxd4 9. Bg5 Nxe4 10. Bxe4 f5 11. Bd3 Bb4+ 12. c3 Bxc3+ 13. bxc3 Qxc3+ 14.
Ke2 Qb2+ 15. Bd2 Qe5+ 16. Qe3 Nd7 17. Rab1 O-O-O 18. Rhc1 Qxe3+ 19. Bxe3 Ne5 20.
Bc2 b6 21. Bb3 Kb7 22. Rd1 Ng6 23. g3 e5 24. Rxd8 Rxd8 25. Rd1 Rxd1 26. Kxd1 Kc7
27. Bc2 Ne7 28. Bg5 Nd5 29. Bxf5 Nc3+ 30. Kc2 Nxa2 31. Kb3 1-0

[Event "1st Grand Europe Open"]
[Site "Golden Sands BUL"]
[Date "2012.06.04"]
[Round "1.36"]
[White "Zulfic, Fedja"]
[Black "Chirila, Ioan-Cristian"]
[Result "0-1"]
[BlackTitle "GM"]
[WhiteElo "2130"]
[BlackElo "2521"]
[WhiteFideId "3208427"]
[BlackFideId "1211668"]
[EventDate "2012.06.04"]
[EventType "swiss"]

1. e4 c5 2. Nf3 Nc6 3. d4 cxd4 4. Nxd4 Qb6 5. Nb3 Nf6 6. Nc3 e6 7. Bg5 Be7 8.
Bd3 a6 9. Qe2 Qc7 10. f4 d6 11. O-O b5 12. Rae1 h6 13. Bxf6 Bxf6 14. Nd1 Bb7 15.
c3 b4 16. c4 a5 17. Nf2 a4 18. Nc1 h5 19. e5 dxe5 20. Ne4 Bh4 21. c5 Nd4 22.
Nd6+ Kf8 23. Qxe5 Bf6 24. Qe3 Bd5 25. Ne4 Nf5 26. Qh3 Bxb2 27. Kh1 Rd8 28. Ng5
g6 29. Bxf5 exf5 30. Nd3 Bc3 31. Ne5 Bxe1 32. Rxe1 Qxc5 33. Qh4 Qa7 0-1

[Event "1st Grand Europe Open"]
[Site "Golden Sands BUL"]
[Date "2012.06.04"]
[Round "1.37"]
[White "Grigoryan, Karen H."]
[Black "Korduban, Valerij"]
[Result "1-0"]
[WhiteTitle "IM"]
[WhiteElo "2517"]
[BlackElo "2127"]
[WhiteFideId "13301004"]
[BlackFideId "14121824"]
[EventDate "2012.06.04"]
[EventType "swiss"]

1. e4 e6 2. d4 d5 3. Nc3 dxe4 4. Nxe4 Nd7 5. Nf3 Ngf6 6. Nxf6+ Nxf6 7. Bd3 c5 8.
Be3 Nd5 9. Qe2 Nxe3 10. fxe3 Be7 11. O-O-O Qa5 12. Bb5+ Kf8 13. Kb1 a6 14. Bd3
c4 15. Bxc4 b5 16. Bb3 Qc7 17. d5 exd5 18. Bxd5 Ra7 19. Rhf1 Bf6 20. e4 Bg4 21.
Qe3 b4 22. Bb3 a5 23. e5 a4 24. exf6 axb3 25. fxg7+ Kxg7 1-0

[Event "1st Grand Europe Open"]
[Site "Golden Sands BUL"]
[Date "2012.06.04"]
[Round "1.38"]
[White "Oliveira, Carlos Andre Ramalho"]
[Black "Berescu, Alin-Mile"]
[Result "0-1"]
[BlackTitle "GM"]
[WhiteElo "2123"]
[BlackElo "2516"]
[WhiteFideId "1903217"]
[BlackFideId "1204920"]
[EventDate "2012.06.04"]
[EventType "swiss"]

1. e4 e6 2. d4 d5 3. exd5 exd5 4. Bd3 c5 5. Qe2+ Be7 6. dxc5 Nf6 7. c3 O-O 8.
Be3 Re8 9. Nd2 Bxc5 10. h3 Nc6 11. Ngf3 Qb6 12. Nf1 Qa5 13. N1d2 Bxe3 14. fxe3
Qb6 15. Nf1 Ne4 16. O-O-O Bf5 17. g4 Bg6 18. h4 Rac8 19. h5 Nb4 20. hxg6 Nxa2+
21. Kc2 Naxc3 22. Qh2 Nxd1+ 23. Kxd1 Qxg6 24. Ke2 f6 25. N1d2 h6 26. Qf4 Qf7 27.
Nd4 Qc7 28. Qxc7 Rxc7 29. Nxe4 dxe4 30. Bb1 Re5 31. Ba2+ Kh7 32. Rd1 Kg6 33. Be6
Re7 34. Bg8 Kg5 35. Rg1 a6 36. Kf2 Kg6 37. Ne2 Rb5 38. Kg3 h5 39. gxh5+ Kh6 40.
Nf4 Ree5 41. b3 Rg5+ 42. Kf2 Rxg1 43. Kxg1 f5 44. Kf2 Rc5 45. Bd5 b6 46. Kg3 Rc3
47. Kf2 b5 48. Bf7 a5 49. Ne2 Rc2 50. Ke1 a4 51. bxa4 bxa4 52. Nd4 Rc5 53. Kd2
a3 54. Nc2 Rc7 55. Be6 Ra7 56. Bxf5 a2 57. Bxe4 Kxh5 58. Kc1 a1=Q+ 59. Nxa1
Rxa1+ 60. Kd2 Kg4 0-1

[Event "1st Grand Europe Open"]
[Site "Golden Sands BUL"]
[Date "2012.06.04"]
[Round "1.39"]
[White "Drenchev, Petar"]
[Black "Mintenko, Heorhiy"]
[Result "1-0"]
[WhiteTitle "GM"]
[WhiteElo "2496"]
[BlackElo "2121"]
[WhiteFideId "2903261"]
[BlackFideId "14119102"]
[EventDate "2012.06.04"]
[EventType "swiss"]

1. d4 d5 2. c4 c6 3. Nf3 Nf6 4. e3 a6 5. Nc3 g6 6. Bd2 Bg7 7. Rc1 O-O 8. h3 b5
9. cxd5 cxd5 10. Qb3 Qd6 11. Ne5 Nbd7 12. f4 Nb6 13. a4 bxa4 14. Nxa4 Nxa4 15.
Qxa4 Bb7 16. Bb4 Qb6 17. Bd3 Rfc8 18. O-O Rxc1 19. Rxc1 Ne4 20. Ba5 Qxb2 21. Rc2
Qb1+ 22. Kh2 Bf8 23. Rc8 Qb2 24. Rxa8 Bxa8 25. Qe8 Nd6 26. Qxa8 1-0

[Event "1st Grand Europe Open"]
[Site "Golden Sands BUL"]
[Date "2012.06.04"]
[Round "1.40"]
[White "Sadikhov, Ulvi"]
[Black "Xiu, Deshun"]
[Result "0-1"]
[BlackTitle "GM"]
[WhiteElo "2120"]
[BlackElo "2494"]
[WhiteFideId "13401416"]
[BlackFideId "8603693"]
[EventDate "2012.06.04"]
[EventType "swiss"]

1. e4 c5 2. Nf3 d6 3. d4 cxd4 4. Nxd4 Nf6 5. Nc3 a6 6. Be2 e5 7. Nb3 Be7 8. O-O
O-O 9. Re1 Be6 10. Bf3 Nc6 11. Be3 Rc8 12. Nd5 Bxd5 13. exd5 Na5 14. Nd2 b5 15.
b3 Nd7 16. a4 f5 17. axb5 axb5 18. Be2 b4 19. f3 Bh4 20. g3 Bf6 21. Ra4 Qc7 22.
Bc4 Rb8 23. Qe2 Nc5 24. Ra2 Nxc4 25. Qxc4 Rfc8 26. Rea1 e4 27. Bd4 Nxb3 28. Bxf6
Nxd2 29. Qxc7 Rxc7 0-1

[Event "1st Grand Europe Open"]
[Site "Golden Sands BUL"]
[Date "2012.06.04"]
[Round "1.42"]
[White "Arnaudov, G. Petar"]
[Black "Ljangov, Petar"]
[Result "1-0"]
[WhiteTitle "IM"]
[WhiteElo "2477"]
[BlackElo "2098"]
[WhiteFideId "2907127"]
[BlackFideId "2901277"]
[EventDate "2012.06.04"]
[EventType "swiss"]

1. c4 Nf6 2. Nc3 d6 3. d4 e5 4. Nf3 Nbd7 5. Bg5 Be7 6. Qc2 c6 7. e3 Qc7 8. Bd3
a6 9. a3 b5 10. b3 bxc4 11. bxc4 exd4 12. exd4 O-O 13. O-O Re8 14. h3 Nf8 15.
Rfe1 Be6 16. Re2 Qa5 17. Rae1 h6 18. Bd2 Qd8 19. Qa4 c5 20. d5 Bd7 21. Qc2 N8h7
22. Be3 Rb8 23. Qc1 Bf8 24. Nh2 Rb3 25. Bc2 Rb7 26. Nf1 h5 27. f4 Kh8 28. Nd2
Qa5 29. Bd3 Reb8 30. Ndb1 Re8 31. Qc2 Qd8 32. Nd2 Qc8 33. Nf3 Qd8 34. Ng5 Nxg5
35. fxg5 Ng8 36. g6 fxg6 37. Bxg6 Re5 38. Ne4 Be8 39. Ng5 Rxg5 40. Bxg5 Bxg6 41.
Qxg6 Nf6 42. Re6 1-0

[Event "1st Grand Europe Open"]
[Site "Golden Sands BUL"]
[Date "2012.06.04"]
[Round "1.43"]
[White "Yordanova, Svetla"]
[Black "Simonian, Hrair"]
[Result "0-1"]
[WhiteTitle "WIM"]
[BlackTitle "GM"]
[WhiteElo "2095"]
[BlackElo "2475"]
[WhiteFideId "2905108"]
[BlackFideId "13302337"]
[EventDate "2012.06.04"]
[EventType "swiss"]

1. e4 c5 2. c3 d5 3. exd5 Qxd5 4. d4 g6 5. dxc5 Qxc5 6. Be3 Qc7 7. Na3 a6 8. Nc4
Nd7 9. a4 Nh6 10. a5 Nf5 11. Bb6 Qc6 12. Nf3 Bg7 13. Be2 O-O 14. O-O Nxb6 15.
Nxb6 Rb8 16. Bc4 Nd6 17. Bd5 Qc7 18. Re1 Bf5 19. Nd4 Rbd8 20. Nxf5 gxf5 21. Qh5
e6 22. Bb3 Ne4 23. Bc2 Nf6 24. Qe2 Ng4 25. g3 Qc5 26. h3 Ne5 27. Red1 Rxd1+ 28.
Qxd1 Bf6 29. Nd7 Nxd7 30. Qxd7 Rd8 31. Qa4 Rd2 32. Rf1 Be5 33. Qh4 Rxc2 34. Qd8+
Qf8 35. Qg5+ Bg7 36. Rd1 h6 37. Qh4 Qc5 38. g4 fxg4 39. hxg4 Qg5 40. Qg3 Be5 0-1

[Event "1st Grand Europe Open"]
[Site "Golden Sands BUL"]
[Date "2012.06.04"]
[Round "1.45"]
[White "Chen, Yang"]
[Black "Bernadskiy, Vitaliy"]
[Result "0-1"]
[BlackTitle "IM"]
[WhiteElo "2094"]
[BlackElo "2473"]
[WhiteFideId "8602360"]
[BlackFideId "14100371"]
[EventDate "2012.06.04"]
[EventType "swiss"]

1. e4 c5 2. Nf3 e6 3. d4 cxd4 4. Nxd4 Nc6 5. Nb5 d6 6. Bf4 e5 7. Be3 Nf6 8. Bg5
a6 9. N5c3 Be7 10. Nd2 O-O 11. Bxf6 Bxf6 12. Nc4 Nd4 13. Nd5 Be6 14. Ncb6 Rb8
15. c3 Nc6 16. Be2 Bg5 17. O-O g6 18. a4 f5 19. Bf3 Bf7 20. b4 Bh6 21. Qd3 a5
22. b5 Na7 23. Rab1 Nc8 24. Nxc8 Rxc8 25. b6 Rc5 26. Rb5 Rxb5 27. Qxb5 0-1

[Event "1st Grand Europe Open"]
[Site "Golden Sands BUL"]
[Date "2012.06.04"]
[Round "1.46"]
[White "Solozhenkin, Evgeniy"]
[Black "Levina, Anna V."]
[Result "1-0"]
[WhiteTitle "GM"]
[BlackTitle "WFM"]
[WhiteElo "2472"]
[BlackElo "2093"]
[WhiteFideId "4102266"]
[BlackFideId "2017920"]
[EventDate "2012.06.04"]
[EventType "swiss"]

1. e4 c6 2. d4 d5 3. Nc3 dxe4 4. Nxe4 Nf6 5. Nxf6+ exf6 6. c3 Bd6 7. Bd3 O-O 8.
Qc2 g6 9. Ne2 Qc7 10. h3 c5 11. dxc5 Bxc5 12. Bf4 Qb6 13. O-O Nc6 14. b4 Be7 15.
Be3 Qc7 16. Nf4 Be6 17. Nxe6 fxe6 18. Bc4 Qc8 19. Qb3 Kf7 20. f4 f5 21. Rae1 Bh4
22. Bf2 Bxf2+ 23. Rxf2 Re8 24. Rfe2 Nd8 25. a4 Kf6 26. a5 Qc7 27. Bxe6 Qxf4 28.
Rf1 Qg3 29. Rf3 Qg5 30. Bxf5 Rxe2 31. Bd3+ Kg7 32. Bxe2 Qe5 33. Qd1 Ne6 34. Qd7+
Kh6 35. Qd2+ Kg7 36. Re3 Qf5 37. Qd7+ Kf6 38. Bg4 Qb1+ 39. Kh2 Nf4 40. Qe7# 1-0

[Event "1st Grand Europe Open"]
[Site "Golden Sands BUL"]
[Date "2012.06.04"]
[Round "1.47"]
[White "Mladenov, Emil"]
[Black "Ashwin, Jayaram"]
[Result "1/2-1/2"]
[BlackTitle "IM"]
[WhiteElo "2081"]
[BlackElo "2471"]
[WhiteFideId "2904918"]
[BlackFideId "5018137"]
[EventDate "2012.06.04"]
[EventType "swiss"]

1. e4 c5 2. g3 Nc6 3. Bg2 g6 4. Ne2 Bg7 5. c3 e5 6. d3 Nge7 7. Be3 d6 8. O-O O-O
9. d4 exd4 10. cxd4 Qb6 11. Nbc3 cxd4 12. Na4 Qa6 13. Nxd4 Ne5 14. b3 Bd7 15.
Rc1 Rac8 16. h3 Rxc1 17. Bxc1 Nd3 18. Be3 Bxa4 19. bxa4 Nb2 20. Qe2 Qxe2 21.
Nxe2 Nxa4 22. Rd1 Rd8 23. Bf4 Nc8 24. e5 Nb2 25. Rd4 Rf8 26. Rd5 dxe5 27. Bxe5
Bxe5 28. Rxe5 Nc4 29. Rc5 N4d6 30. Rc7 Re8 31. Nf4 Re1+ 32. Kh2 Re7 33. Rc2 Nb6
34. h4 Kf8 35. Nd5 Nxd5 36. Bxd5 Re5 37. Bf3 Ke8 38. Kg2 b6 39. Rc7 Re7 40. Rc2
Ne4 41. h5 Nc5 42. Rd2 Re6 43. Bd5 Re5 44. hxg6 hxg6 45. f4 Re3 46. Kf2 Rd3 47.
Re2+ Kf8 48. Bc6 Rd6 49. Bf3 Re6 50. Rc2 Nd3+ 51. Kf1 Re3 52. Bd5 Nb4 53. Rc8+
Re8 54. Rxe8+ Kxe8 55. Bb3 Nd3 56. Kg2 Ke7 57. Kf3 Nc5 58. Bc4 Nb7 59. g4 Nd6
60. Bb3 Kd7 61. Ke3 f6 62. Kd4 Nc8 63. g5 fxg5 64. fxg5 Kd6 65. Bc2 Ne7 66. a4
Nc6+ 67. Kc4 Ne5+ 68. Kb5 Kc7 69. Ka6 Kb8 70. Be4 Nf7 71. Bxg6 Nxg5 72. a5 bxa5
73. Kxa5 Ne6 74. Bd3 Nc5 75. Bf1 Nb3+ 76. Ka6 Nc5+ 77. Kb5 Ne6 78. Ka6 Nc7+ 79.
Ka5 Kb7 80. Bg2+ Kc8 81. Bh3+ Kb7 82. Bg2+ Kc8 83. Bh3+ Kd8 84. Bg2 Kd7 85. Bf3
Kd6 86. Bg2 Kc5 87. Bf1 Kc6 88. Bg2+ Kc5 89. Bf1 Kc6 90. Bg2+ Kc5 1/2-1/2

[Event "1st Grand Europe Open"]
[Site "Golden Sands BUL"]
[Date "2012.06.04"]
[Round "1.48"]
[White "Can, Emre"]
[Black "Asparuhov, Parvan"]
[Result "1-0"]
[WhiteTitle "GM"]
[WhiteElo "2461"]
[BlackElo "2077"]
[WhiteFideId "6302181"]
[BlackFideId "2905647"]
[EventDate "2012.06.04"]
[EventType "swiss"]

1. d4 d5 2. Nf3 Bf5 3. c4 e6 4. Nc3 c6 5. Qb3 Qb6 6. c5 Qc7 7. Bf4 Qc8 8. Nh4
Nf6 9. Nxf5 exf5 10. h3 Be7 11. e3 O-O 12. Bd3 Ne4 13. Qc2 g6 14. O-O Bf6 15. b4
Nd7 16. Ne2 a6 17. a4 Re8 18. Rab1 Bd8 19. Rb3 Bc7 20. Rfb1 Bxf4 21. Nxf4 Ndf6
22. Bf1 Qc7 23. b5 axb5 24. axb5 Qa5 25. Rb4 Re7 26. Nd3 Nd7 27. bxc6 bxc6 28.
Rb7 Nd2 29. Nb4 Nxb1 30. Nxc6 Na3 31. Qb3 Rxe3 32. fxe3 Qe1 33. Ne7+ Kg7 34.
Nxd5 Nf8 35. Nb6 Rd8 36. Qxa3 Ne6 37. Nc4 f4 38. Qb2 Kg8 39. Qf2 Qxf2+ 40. Kxf2
fxe3+ 41. Kxe3 Nxd4 42. Bd3 Ne6 43. Rb5 Rc8 44. Nd6 Rd8 45. Bc4 Nxc5 46. Nxf7 1-0

[Event "1st Grand Europe Open"]
[Site "Golden Sands BUL"]
[Date "2012.06.04"]
[Round "1.49"]
[White "Khouri, Ahmed Abbas"]
[Black "Hunt, Adam C"]
[Result "0-1"]
[WhiteTitle "FM"]
[BlackTitle "IM"]
[WhiteElo "2073"]
[BlackElo "2461"]
[WhiteFideId "9301518"]
[BlackFideId "403970"]
[EventDate "2012.06.04"]
[EventType "swiss"]

1. e4 c5 2. Nf3 e6 3. d4 cxd4 4. Nxd4 a6 5. Bd3 Bc5 6. Nb3 Be7 7. Qe2 d6 8. Be3
Nf6 9. Nc3 Nc6 10. f4 b5 11. a3 Bb7 12. O-O O-O 13. Rad1 Qc7 14. f5 Rfe8 15.
fxe6 fxe6 16. Nd4 Bf8 17. Nxc6 Bxc6 18. Bg5 Nd7 19. Kh1 Ne5 20. Rf2 Be7 21. Bxe7
Qxe7 22. Rdf1 Qg5 23. Qd2 Qg6 24. Qf4 h6 25. Ne2 Ng4 26. Qf7+ Qxf7 27. Rxf7 Nf6
28. Rc7 Rac8 29. Ra7 Ra8 30. Rxa8 Bxa8 31. Nc3 Rc8 32. Re1 Rc5 33. Kg1 Bc6 34.
Kf2 Kf7 35. Kf3 Rf5+ 36. Ke2 Rg5 37. Kf3 h5 38. g3 h4 39. gxh4 Rg4 40. h3 Rxh4
41. Kg3 g5 42. Rf1 Ke7 43. Rf3 Nxe4+ 44. Nxe4 Bxe4 45. Bxe4 Rxe4 46. Rf2 d5 0-1

[Event "1st Grand Europe Open"]
[Site "Golden Sands BUL"]
[Date "2012.06.04"]
[Round "1.50"]
[White "Gabuzyan, Hovhannes"]
[Black "Chikovani, Vakhtang"]
[Result "1-0"]
[WhiteTitle "IM"]
[WhiteElo "2457"]
[BlackElo "2069"]
[WhiteFideId "13303732"]
[BlackFideId "13601571"]
[EventDate "2012.06.04"]
[EventType "swiss"]

1. d4 Nf6 2. c4 c5 3. d5 b5 4. cxb5 a6 5. b6 e6 6. Nc3 Nxd5 7. Nxd5 exd5 8. Qxd5
Nc6 9. Nf3 Be7 10. Ne5 O-O 11. Nxc6 dxc6 12. Qxd8 Bxd8 13. e3 Be6 14. b7 Ra7 15.
b8=Q Ba5+ 16. b4 Bxb4+ 17. Qxb4 cxb4 18. Bb2 a5 19. Bd4 Rd7 20. Be2 Rc8 21.
O-O-O c5 22. Be5 Ra7 23. Rd6 Bxa2 24. Kb2 Be6 25. Rhd1 Re7 26. Rd8+ Re8 27.
Rxe8+ Rxe8 28. Bb5 Rc8 29. Bc7 c4 30. Rd8+ Rxd8 31. Bxd8 a4 32. Bxa4 c3+ 33. Kc2
Bf5+ 34. Kc1 1-0

[Event "1st Grand Europe Open"]
[Site "Golden Sands BUL"]
[Date "2012.06.04"]
[Round "1.53"]
[White "Imnadze, Nato"]
[Black "Popchev, Milko"]
[Result "0-1"]
[BlackTitle "GM"]
[WhiteElo "2052"]
[BlackElo "2450"]
[WhiteFideId "13600974"]
[BlackFideId "2900165"]
[EventDate "2012.06.04"]
[EventType "swiss"]

1. e4 c5 2. Nc3 e6 3. g3 d5 4. exd5 exd5 5. d3 Nf6 6. Bg2 Be7 7. Nge2 O-O 8. O-O
h6 9. Nf4 d4 10. Ncd5 Re8 11. Re1 Nc6 12. h3 Bd7 13. Bd2 Rc8 14. Qf3 Bd6 15.
Rxe8+ Bxe8 16. Nh5 Nxd5 17. Qg4 Be5 18. Bxd5 Bd7 19. Qg6 Be8 20. Qg4 Qd7 21. Re1
Qxg4 22. hxg4 Bd6 23. g5 hxg5 24. Bxg5 Kf8 25. Nf4 Nb4 26. Bb3 b5 27. c3 dxc3
28. bxc3 Nxd3 29. Nxd3 c4 30. Bc2 cxd3 31. Bxd3 Rxc3 32. Rd1 Bc5 33. Kg2 Bc6+
34. f3 Ra3 35. Rc1 Bxf3+ 36. Kxf3 Rxd3+ 37. Ke2 Rd5 38. Bf4 Ke7 39. Rb1 a6 40.
Kf3 Rd3+ 41. Kg4 Kd7 42. Rf1 Ra3 43. Rd1+ Kc6 44. Rd2 a5 45. Kf5 a4 46. g4 b4
47. Ke4 Rc3 48. g5 Rc4+ 49. Kf3 b3 50. axb3 axb3 51. Rb2 Rc3+ 52. Ke2 Rh3 0-1

[Event "1st Grand Europe Open"]
[Site "Golden Sands BUL"]
[Date "2012.06.04"]
[Round "1.54"]
[White "Thejkumar, M. S."]
[Black "Ilic, Slobodan R"]
[Result "1-0"]
[WhiteTitle "IM"]
[WhiteElo "2450"]
[BlackElo "2046"]
[WhiteFideId "5009154"]
[BlackFideId "941832"]
[EventDate "2012.06.04"]
[EventType "swiss"]

1. d4 Nf6 2. Nf3 c5 3. d5 e6 4. c4 b5 5. Bg5 Qa5+ 6. Nbd2 Ne4 7. b4 Qxb4 8. Rb1
Nxg5 9. Rxb4 Nxf3+ 10. exf3 cxb4 11. cxb5 Bb7 12. Bc4 Be7 13. Nb3 O-O 14. Na5
Bc8 15. Bb3 Bd8 16. Nc4 Bf6 17. O-O a6 18. dxe6 dxe6 19. Qd6 Rd8 20. Qc7 axb5
21. Nb6 Na6 22. Qc6 1-0

[Event "1st Grand Europe Open"]
[Site "Golden Sands BUL"]
[Date "2012.06.04"]
[Round "1.55"]
[White "Golikov, Nikolai"]
[Black "Swapnil, S. Dhopade"]
[Result "0-1"]
[BlackTitle "IM"]
[WhiteElo "2042"]
[BlackElo "2445"]
[WhiteFideId "24101630"]
[BlackFideId "5019184"]
[EventDate "2012.06.04"]
[EventType "swiss"]

1. e4 c6 2. d4 d5 3. Nd2 dxe4 4. Nxe4 Bf5 5. Ng3 Bg6 6. h4 h6 7. Nf3 Nd7 8. h5
Bh7 9. Bd3 Bxd3 10. Qxd3 e6 11. Bd2 Ngf6 12. O-O-O Be7 13. Ne4 Nxe4 14. Qxe4 Nf6
15. Qe2 Qd5 16. c4 Qe4 17. Qxe4 Nxe4 18. Be3 O-O 19. Nd2 Nf6 20. f3 b5 21. c5
Nd5 22. Rhe1 Rfd8 23. Nf1 Rd7 24. Bf2 Rad8 25. a3 Bf6 26. Re4 Bg5+ 27. Kc2 Nf6
28. Re5 Nxh5 29. g3 Nf6 30. Nh2 Nd5 31. Ng4 Be7 32. b4 Nf6 33. Ne3 Rxd4 34. Rxd4
Rxd4 35. Nf5 Rd7 36. Nxe7+ Rxe7 37. g4 Nd5 38. Bg3 f6 39. Re1 e5 40. Kb3 a5 41.
bxa5 Ra7 42. Re4 Rxa5 43. f4 exf4 44. Bxf4 Ra4 45. Rxa4 bxa4+ 46. Kxa4 Nxf4 47.
Ka5 Nd5 48. Ka6 f5 49. gxf5 h5 0-1